Orquesta de guitarras: 25 años /
| المؤلف الرئيسي: | |
|---|---|
| التنسيق: | كتاب |
| اللغة: | الإسبانية |
| منشور في: |
San José, Costa Rica :
Universidad de Costa Rica. Escuela de Artes Musicales,
[fecha de publicación no identificada]
|
| الموضوعات: |
MARC
| LEADER | 00000nam a2200000Ia 4500 | ||
|---|---|---|---|
| 008 | 180926b cr ||||| |||| 00| | spa d | ||
| 999 | |c 2463 |d 2463 | ||
| 090 | |a CD #186 | ||
| 100 | 1 | |a Zumbado, Luis |9 4327 | |
| 245 | 1 | 0 | |a Orquesta de guitarras: 25 años / |c Luis Zumbado |
| 260 | |a San José, Costa Rica : |b Universidad de Costa Rica. Escuela de Artes Musicales, |c [fecha de publicación no identificada] | ||
| 300 | |a Disco Compacto (audio) | ||
| 650 | 1 | 4 | |a MÚSICA |9 13 |
| 650 | 1 | 4 | |a INSTRUMENTOS MUSICALES |9 2948 |
| 942 | |i 002559 |h CD #186 |2 z |c 08 | ||
